Представление документа в формате RUSMARC

ПолеНазваниеЗначение
  Тип записи a
  Библиографический уровень a
001 Контрольный номер RU/CBS_UL/BASE/697029670
005 Дата корректировки 20250124010520.3
100 Данные общей обработки __
a Данные общей обработки 20220201d2022 ||| 0rusy0189 ca
101 Язык документа 0_
a Язык текста rus
102 Страна публикации __
a Страна публикации RU
105 Кодированные данные (монография) __
a Кодированные данные (монография) y###||||000|y
181 Поле кодированных данных: вид содержания _1
a Код вида содержания (ISBD) i#
b Код характеристики содержания (ISBD) #xxe##
d i
g x
h x
i e
182 Поле кодированных данных: тип средства _1
a Код типа средства (ISBD) n
2 Код системы (источник кода, отличный от ISBD) isbdmedia
200 Заглавие и сведения об ответственности 1_
a Заглавие "Я ведь по жизни - странник"
b Общее обозначение материала Текст
e Сведения, относящиеся к заглавию [беседа с автором оратории "Ленинградский дневник" - об испытаниях временем и судьбы]
f Первые сведения об ответственности А. Лубченко
g Последующие сведения об ответственности беседу вел В. Терентьев
w Текст (визуальный) : непосредственный
203 Вид содержания и тип средства __
a Вид содержания Текст
b Характеристика содержания визуальный
c Тип средства непосредственный
333 Примечание о целевом назначении __
a Примечание о целевом назначении 16+
461 Уровень набора _0
1 2000
a Литературная газета
463 Уровень физической единицы _0
1 001RU/CBS_UL/BASE/696962129
1 2000
a № 4 (26 янв.-1 февр.)
v С. 12
1 210
d 2022
600 Персоналии _0
a Персоналии (Фамилия) Лубченко
b Персоналии (Имя, инициалы) А. В.
606 Тематические рубрики 0_
a Основная рубрика Вокально-симфоническая музыка
610 Ключевые слова 0_
a Ключевые слова вокально-симфоническая музыка
610 Ключевые слова 0_
a Ключевые слова оратории
610 Ключевые слова 0_
a Ключевые слова Ленинградский дневник (оратории-романы)
610 Ключевые слова 0_
a Ключевые слова музыкальные произведения о Великой Отечественной войне
686 Индексы других классификаций __
a Классификационный индекс 85.316
2 Код системы rubbk
700 Автор _1
a Фамилия Лубченко
b Имя (инициалы) А.
801 Источник записи _0
a Страна RU
b Организация МБУК ЦБС г. Ульяновска
c Дата составления 20220201
g Правила каталогизации RCR
801 Источник записи _1
a Страна RU
b Организация МБУК ЦБС г. Ульяновска
c Дата составления 20220201
g Правила каталогизации RCR
901 Тип документа __
t Тип документа f
w Контрольный № источника RU/CBS_UL/BASE/696962129
910 Корректоры записи __
a Корректор записи oibd3
938 Служебная информация __
a Имя БД period